000 00940nam a22003017a 4500
003 CHAP
005 20220329134244.0
008 971013s1957 r 00010 d
010 _a17679
011 _a18651
035 _a22736
040 _cCHAP
082 _a631.4
_bB53
100 0 0 _aBlack, C. A.
_912979
245 _aSoil-plant relationships
260 _aNew York :
_bWiley,
_c1957
300 _a322 p.
_b: ilus.
590 _aBATCH-UPD
_b10
_c20130110
_lUCH01
_h1513
590 _aCONVERSION
_b10
_c20130109
_lUCH01
_h1311
650 1 4 _aSuelos y cultivos.
_9110571
650 1 4 _aSuelos.
_9110191
901 _aBK
942 _cLIBRO
949 _a631.4 B53
_bBC
_cLIBRO
_d-53161
_eLIBRO
_fc.2
_h27503
_i22736
_si
949 _a631.4 B53
_bBC
_cLIBRO
_d-53162
_eLIBRO
_fc.3
_h20937
_i22736
_si
949 _a631.4 B53
_bBC
_cLIBRO
_d-53163
_eLIBRO
_fc.4
_h20938
_i22736
_si
949 _a631.4 B53
_bBC
_cLIBRO
_d33724000060141
_eLIBRO
_h27502
_i22736
_si
999 _c17679
_d17679